[Event "URU-ch Semi Final 2020"]
[Site "Montevideo"]
[Date "2020.02.24"]
[Round "6.14"]
[White "Davila Texeira, Mario"]
[Black "Manteiga, Franco"]
[Result "1-0"]
[WhiteElo "1819"]
[BlackElo "1703"]
[Annotator "NA RC"]
[PlyCount "49"]
[EventDate "2020.02.22"]
[EventType "swiss"]
[EventCountry "URU"]
[SourceTitle "playchess.com"]
[Source "ChessBase"]
[SourceQuality "1"]
[TimeControl "5400+30"]

{[%evp 8,36,25,33,30,0,19,2,32767,0,0,-6,2,0,0,-10,-21,-21,36,36,32,10,17,40,0,38,82,77,173,172,183]} 1. e4 {[%emt 0:00:00]} c5 {[%emt 0:00:00]} 2. Nf3 {[%emt 0:00:00]} d6 {[%emt 0:00:00]} 3. d4 {[%emt 0:00:00]} cxd4 {[%emt 0:00:00]} 4. Nxd4 {[%emt 0:00:00]} Nf6 {[%emt 0:00:03]} 5. Nc3 {[%emt 0:00:00]} a6 {[%emt 0:00:28]} 6. Bc4 {[%emt 0:00:00]} e6 {[%emt 0:02:29]} 7. Bb3 {[%emt 0:00:00]} Be7 {[%emt 0:01:35]} 8. Qf3 {[%emt 0:03:31]} O-O {[%emt 0:05:30]} 9. Be3 {[%emt 0:07:23]} Nc6 {[%emt 0:09:33]} 10. Nxc6 {[%emt 0:08:55]} bxc6 {[%emt 0:00:08]} 11. g4 {[%emt 0:05:27]} d5 {[%emt 0:17:32]} 12. O-O-O {[%emt 0:01:51]} Qc7 {[%emt 0:10:39]} 13. g5 {[%emt 0:06:58]} Nd7 {[%emt 0:03:42]} 14. exd5 {[%emt 0:01:32]} cxd5 {[%emt 0:05:53]} 15. Bxd5 {[%emt 0:00:16]} Rb8 $1 {[%emt 0:05:33]} ({Much worse is} 15... Ne5 16. Qg3 $16) 16. Bf4 {[%emt 0:13:41]} e5 {[%emt 0:07:16]} 17. Bd2 {[%emt 0:02:55]} Bb4 {[%emt 0:05:33]} (17... Nb6 $14) 18. Rhe1 {[%emt 0:00:07]} Qa5 $18 {[%emt 0:02:54]} (18... Nb6 $16 {might work better.}) 19. Re3 {[%emt 0:05:13]} Bb7 {[%emt 0:09:36]} 20. Bxb7 {[%emt 0:00:57]} Rxb7 {[%emt 0:00:03]} 21. Qxb7 {[%emt 0:00:34]} Rb8 {[%emt 0:00:05]} 22. Qxd7 {[%emt 0:00:13]} Ba3 {[%emt 0:00:09]} 23. Nb5 {[%emt 0:00:36]} Bxb2+ {[%emt 0:06:38]} 24. Kxb2 {[%emt 0:00:10]} Rxb5+ {[%emt 0:00:08]} 25. Rb3 {[%emt 0:00:03]} 1-0

[Event "URU-ch Semi Final 2020"]
[Site "Montevideo"]
[Date "2020.02.24"]
[Round "6.15"]
[White "Amaral, Francisco"]
[Black "Pichuaga, Juan Pablo"]
[Result "1/2-1/2"]
[WhiteElo "1567"]
[BlackElo "2030"]
[Annotator "TA"]
[PlyCount "100"]
[EventDate "2020.02.22"]
[EventType "swiss"]
[EventCountry "URU"]
[SourceTitle "playchess.com"]
[Source "ChessBase"]
[SourceQuality "1"]

{[%evp 12,100,31,33,65,58,82,77,105,79,132,48,58,66,122,112,232,241,222,209,295,293,410,332,485,470,551,529,516,506,495,412,562,562,497,495,493,456,546,410,410,410,498,465,450,403,530,514,713,723,677,660,655,634,574,452,814,793,908,794,677,724,741,728,891,884,812,754,1061,574,561,559,552,525,501,457,555,554,606,468,381,235,279,172,327,0,0,0,0,0,22]} 1. e4 e6 2. d4 d5 3. Nd2 Nf6 4. Bd3 c5 5. c3 Nc6 6. e5 Nd7 7. Ne2 Qc7 {C06: French Tarrasch: 3...Nf6 4 e5 Nfd7 5 Bd3 main lines.} 8. Nf3 {[#]} c4 $146 ({Predecessor:} 8... cxd4 9. cxd4 g6 10. O-O Bg7 11. Be3 O-O 12. Nf4 Nb6 13. Rc1 f6 14. exf6 Rxf6 15. Qd2 {0-1 (36) Muller,A (2128)-Dgebuadze,A (2514) Le Port Marly 2014}) 9. Bc2 Nb6 {White is better.} 10. b4 {[%cal Bb2b4,Bb4b5][%mdl 32]} Bd7 (10... a5 $142) 11. Rb1 (11. a4 $16) 11... a5 $14 {[%cal Ra5b4]} 12. b5 Ne7 (12... Nb4 $1 $14) 13. a4 $36 {[%mdl 2048] White has strong initiative.} O-O-O {[#]} (13... h6 $16) 14. Ng5 $1 $18 {[%csl LRf7,LRh7][%cal Rg5f7]} Be8 15. Nxh7 ({Resist} 15. Bxh7 $6 g6 $16) 15... Rxh7 (15... f6 $142 16. exf6 gxf6 17. Nxf6 Nf5) 16. Bxh7 g6 17. Bg5 Nd7 (17... Nf5 {was necessary.} 18. Bxd8 Qxd8) 18. h4 b6 19. Qd2 Kb7 20. h5 gxh5 21. Bc2 Rc8 22. Qe3 Ng8 23. Bh7 Ne7 24. Qf3 Ra8 25. Bxe7 Bxe7 26. Bg8 Ba3 27. Qxh5 Nf8 28. Qg5 Be7 29. Qg7 Ng6 30. Bxf7 {[%mdl 64] Double Attack} Bf8 31. Qxg6 Bxf7 32. Qf6 Bg8 33. Rh3 Rc8 (33... Bh7 $142 34. Ra1 Bf5) 34. Kd2 Be7 35. Qg6 Bf7 36. Qh7 ({Inferior is} 36. Qxf7 Bg5+ 37. Qf4 Qe7 $14) 36... Qd7 37. f4 Bf8 38. Rbh1 Rc7 39. Qc2 Qe8 40. Rh7 Bg6 41. Rxc7+ Kxc7 42. Qd1 Qe7 43. Qa1 Be4 44. Rh2 Qg7 45. g3 Qg6 46. Rf2 Bc2 47. f5 Bxf5 {[#]} 48. Rxf5 $2 (48. Qf1 $1 $18) 48... Qxf5 $11 {The position is equal.} 49. Nf4 Bh6 {...Qd3+ is the strong threat.} 50. Qf1 Qe4 {Accuracy: White = 57%, Black = 40%.} 1/2-1/2

[Event "URU-ch Semi Final 2020"]
[Site "Montevideo"]
[Date "2020.02.24"]
[Round "6.16"]
[White "Ruggiero, Alvaro"]
[Black "Ramirez, Agustin"]
[Result "1/2-1/2"]
[WhiteElo "1843"]
[BlackElo "1715"]
[Annotator "NA RC"]
[PlyCount "73"]
[EventDate "2020.02.22"]
[EventType "swiss"]
[EventCountry "URU"]
[SourceTitle "playchess.com"]
[Source "ChessBase"]
[SourceQuality "1"]
[TimeControl "5400+30"]

{[%evp 14,67,16,-159,32767,-140,-147,-171,-167,-162,-153,-307,-211,-202,-237,-221,-216,-384,32767,-137,-71,-176,32767,-108,-101,-92,-108,-223,-92,-92,-101,-114,32767,32767,32767,32767,-94,-105,-95,-100,-95,-96,0,9,0,0,0,0,0,6,7,0,31,19,28,46]} 1. e4 {[%emt 0:05:06]} e6 {[%emt 0:00:00]} 2. d4 {[%emt 0:00:29]} d5 {[%emt 0:00:00]} 3. Nd2 {[%emt 0:00:07]} Nf6 {[%emt 0:00:00]} 4. Bd3 {[%emt 0:00:56]} c5 {[%emt 0:00:52]} 5. c3 {[%emt 0:00:28]} Nc6 {[%emt 0:00:27]} 6. e5 {[%emt 0:00:36]} Nd7 {[%emt 0:00:14]} 7. Ngf3 {[%emt 0:00:23]} Qb6 {[%emt 0:08:37]} 8. Ng5 $2 {[%emt 0:02:35] C06: French Tarrasch: 3...Nf6 4 e5 Nfd7 5 Bd3 main lines.} (8. O-O $11) 8... Be7 {[%emt 0:05:26] [#]} 9. Ndf3 $146 {[%emt 0:02:24]} ({Predecessor:} 9. f4 cxd4 10. Ndf3 h6 11. Nh3 dxc3 12. bxc3 Nc5 13. Bc2 Bd7 14. Be3 Qa6 15. f5 O-O-O {½-½ (55) Munkhzul,D (1670)-Ter Saakian,G (1924) Voronezh 2016}) 9... h6 {[%emt 0:01:42]} 10. dxc5 {[%emt 0:02:23]} Nxc5 11. Nh3 {[%emt 0:02:53]} g5 {[%emt 0:04:18]} 12. g4 {[%emt 0:01:24]} (12. Nd4 $142) 12... Qc7 {[%emt 0:01:16]} 13. Bb5 {[%emt 0:00:24]} Bd7 {[%emt 0:03:39]} 14. Bxc6 {[%emt 0:00:09]} Bxc6 {[%emt 0:00:34]} ({Much less strong is} 14... Qxc6 15. O-O $17) 15. Be3 $2 {[%emt 0:01:54]} (15. Nd4) 15... Ne4 {[%emt 0:02:09]} 16. Nd4 {[%emt 0:01:38]} a6 {[%emt 0:09:59]} ({And not} 16... Qxe5 17. Nxc6 {[%mdl 64] Discovered Attack} bxc6 18. Bd4 $14 {[%mdl 64] Skewer}) (16... Bd7 $142 17. Nb3 Ba4) 17. f4 {[%emt 0:00:54]} (17. O-O $15) 17... Rg8 {[%emt 0:04:45]} 18. O-O {[%emt 0:02:26]} gxf4 {[%emt 0:08:12]} 19. Bxf4 {[%emt 0:00:41]} h5 {[%emt 0:00:25]} 20. Nf2 {[%emt 0:02:33]} (20. g5 $17) 20... Nxf2 {[%emt 0:01:53]} (20... Bh4 $19 {is more deadly.} 21. Nxe4 dxe4 22. Nxc6 Qxc6) 21. Rxf2 {[%emt 0:00:12]} Rxg4+ {[%emt 0:00:43]} 22. Kh1 {[%emt 0:00:07]} O-O-O {[%emt 0:01:30]} 23. h3 {[%emt 0:00:27]} Rg6 {[%emt 0:08:54]} 24. Qxh5 {[%emt 0:00:54]} Rdg8 {[%emt 0:00:25]} 25. Bh2 {[%emt 0:00:53]} Be8 {[%emt 0:04:21]} 26. Qe2 {[%emt 0:01:46]} Bh4 {[%emt 0:01:19]} 27. Rf3 {[%emt 0:01:07]} Rg2 {[%emt 0:07:31]} (27... Qe7 $17 28. Rd1 Qg5) 28. Qxg2 {[%emt 0:00:11]} Rxg2 {[%emt 0:00:05]} 29. Kxg2 {[%emt 0:00:08]} Qe7 {[%emt 0:00:46]} 30. Bg3 {[%emt 0:04:03]} Qg5 {[%emt 0:00:35]} 31. Re1 $1 {[%emt 0:00:21]} Bb5 {[%emt 0:02:19]} 32. Ree3 {[%emt 0:00:55]} Be8 {[%emt 0:01:53]} 33. Kh2 {[%emt 0:01:09]} Bxg3+ $11 {[%emt 0:01:11]} 34. Rxg3 {[%emt 0:00:12]} Qf4 35. Kg2 Qg5 36. Rg4 Qh5 37. Reg3 1/2-1/2

[Event "URU-ch Semi Final 2020"]
[Site "Montevideo"]
[Date "2020.02.24"]
[Round "6.17"]
[White "Belbey, Juan"]
[Black "De los Reyes, Mauro"]
[Result "1-0"]
[WhiteElo "1611"]
[BlackElo "1815"]
[Annotator "NA RC"]
[PlyCount "50"]
[EventDate "2020.02.22"]
[EventType "swiss"]
[EventCountry "URU"]
[SourceTitle "playchess.com"]
[Source "ChessBase"]
[SourceQuality "1"]
[TimeControl "5400+30"]

{[%evp 14,39,-35,-77,-30,-49,-48,-52,-15,32767,32767,32767,-6,32767,-4,-21,-20,-60,-6,0,0,0,0,-17,-15,-102,-109,-102]} 1. c3 {[%emt 0:00:14]} c5 {[%emt 0:01:50]} 2. Na3 {[%emt 0:00:57]} d5 {[%emt 0:01:40]} 3. d4 {[%emt 0:00:25]} e6 {[%emt 0:01:29]} 4. Nc2 {[%emt 0:00:20]} Nc6 {[%emt 0:00:30]} 5. Bf4 {[%emt 0:00:21]} Bd6 {[%emt 0:01:32]} 6. Bg3 {[%emt 0:00:12]} Nf6 {[%emt 0:01:13]} 7. Nf3 {[%emt 0:00:50]} cxd4 {[%emt 0:03:57]} 8. Ncxd4 {[%emt 0:00:33]} a6 {[%emt 0:03:17]} 9. e3 {[%emt 0:01:02]} O-O {[%emt 0:01:05]} 10. Bd3 {[%emt 0:00:46]} Qc7 {[%emt 0:01:04]} 11. Bh4 {[%emt 0:02:39]} Be7 {[%emt 0:00:36]} 12. Nxc6 {[%emt 0:01:06]} bxc6 {[%emt 0:00:49]} 13. Qc2 {[%emt 0:00:27]} h6 {[%emt 0:00:27]} 14. Nd2 {[%emt 0:01:13]} e5 {[%emt 0:02:43]} 15. e4 {[%emt 0:00:21]} Bb7 {[%emt 0:05:35]} ({Black should play} 15... Nh5 $15 16. Bxe7 Qxe7) 16. O-O {[%emt 0:01:02]} Nh5 {[%emt 0:03:24]} 17. Bxe7 {[%emt 0:00:46]} Qxe7 {[%emt 0:00:05]} 18. Rad1 {[%emt 0:01:08]} a5 {[%emt 0:09:44]} (18... f5 $5 {[%cal Rf5e4]} 19. exd5 (19. exf5 e4 $17) 19... cxd5 $11) 19. c4 {[%emt 0:01:13]} (19. Rfe1 $11 {remains equal.}) 19... Nf4 {[%emt 0:00:55]} 20. exd5 $17 {[%emt 0:00:59]} Nxd3 {[%emt 0:02:14]} 21. dxc6 {[%emt 0:00:17]} Bxc6 {[%emt 0:01:05]} 22. Qxd3 {[%emt 0:00:10]} Rad8 {[%emt 0:00:57]} 23. Qc3 {[%emt 0:00:29]} e4 {[%emt 0:03:32]} 24. Nb3 {[%emt 0:00:32]} Qg5 {[%emt 0:03:03]} 25. Qxa5 {[%emt 0:00:45]} Qg4 {[%emt 0:00:17]} 1-0

[Event "URU-ch Semi Final 2020"]
[Site "Montevideo"]
[Date "2020.02.24"]
[Round "6.19"]
[White "Larrea, Daniela"]
[Black "Bon, Charles"]
[Result "1-0"]
[WhiteElo "1757"]
[BlackElo "1614"]
[Annotator "NA RC"]
[PlyCount "151"]
[EventDate "2020.02.22"]
[EventType "swiss"]
[EventCountry "URU"]
[SourceTitle "playchess.com"]
[Source "ChessBase"]
[SourceQuality "1"]
[TimeControl "5400+30"]

1. d4 {[%emt 0:00:00]} Nf6 {[%emt 0:00:00]} 2. c4 {[%emt 0:00:00]} g6 {[%emt 0:00:10]} 3. Nc3 {[%emt 0:00:00]} Bg7 {[%emt 0:00:08]} 4. e4 {[%emt 0:00:00]} d6 {[%emt 0:00:12]} 5. Nf3 {[%emt 0:00:08]} O-O {[%emt 0:00:23]} 6. Be2 {[%emt 0:00:54]} e5 {[%emt 0:00:26]} 7. O-O {[%emt 0:00:12]} Nc6 {[%emt 0:00:25]} 8. d5 {[%emt 0:00:12]} Ne7 {[%emt 0:00:24]} 9. Ne1 {[%emt 0:00:38]} Nd7 {[%emt 0:01:24]} 10. Be3 {[%emt 0:00:14]} f5 {[%emt 0:00:51]} 11. f3 {[%emt 0:00:05]} f4 {[%emt 0:00:27]} 12. Bf2 {[%emt 0:00:04]} g5 {[%emt 0:01:03]} 13. Nb5 {[%emt 0:00:31]} Nf6 {[%emt 0:04:06]} 14. Nxa7 {[%emt 0:01:33]} Bd7 {[%emt 0:00:23]} 15. Nb5 {[%emt 0:00:35]} Ng6 {[%emt 0:00:30]} 16. b4 {[%emt 0:05:53]} Rf7 {[%emt 0:00:45]} 17. c5 {[%emt 0:00:33]} Bf8 {[%emt 0:00:41]} 18. a4 {[%emt 0:03:51]} h5 {[%emt 0:02:37]} 19. Rc1 {[%emt 0:12:26]} g4 {[%emt 0:05:20]} 20. c6 {[%emt 0:05:19]} bxc6 {[%emt 0:06:18]} 21. dxc6 {[%emt 0:02:24]} Be6 {[%emt 0:05:11]} 22. Nc3 {[%emt 0:08:00]} h4 {[%emt 0:02:23]} 23. fxg4 {[%emt 0:01:59]} d5 {[%emt 0:08:14]} 24. exd5 {[%emt 0:09:37]} Nxd5 25. Nxd5 {[%emt 0:04:20]} Bxd5 {[%emt 0:03:27]} 26. Bc4 {[%emt 0:09:35]} Bxc4 {[%emt 0:08:27]} 27. Qxd8 {[%emt 0:00:05]} Rxd8 {[%emt 0:00:07]} 28. Rxc4 {[%emt 0:00:03]} Rd2 {[%emt 0:01:17]} 29. Nf3 {[%emt 0:03:00]} Re2 {[%emt 0:02:11]} 30. Re1 {[%emt 0:00:17]} Rb2 {[%emt 0:02:12]} 31. Nxe5 {[%emt 0:15:43]} Nxe5 {[%emt 0:03:52]} 32. Rxe5 {[%emt 0:00:04]} h3 {[%emt 0:01:36]} 33. gxh3 {[%emt 0:02:14]} Bd6 {[%emt 0:02:01]} 34. Re8+ {[%emt 0:03:12]} Kh7 {[%emt 0:00:41]} 35. Bd4 {[%emt 0:02:27]} Rb1+ {[%emt 0:01:09]} 36. Kf2 {[%emt 0:00:36]} f3 {[%emt 0:01:21]} 37. Re1 {[%emt 0:01:42]} Rxb4 {[%emt 0:02:58]} 38. Rxb4 {[%emt 0:00:25]} Bxb4 {[%emt 0:00:07]} 39. Re3 {[%emt 0:00:59]} Rf4 {[%emt 0:02:40]} 40. Be5 {[%emt 0:00:19]} Rc4 {[%emt 0:01:27]} 41. Rxf3 {[%emt 0:00:38]} Rxc6 {[%emt 0:00:33]} 42. Rf7+ {[%emt 0:00:38]} Kg6 {[%emt 0:00:34]} 43. Rxc7 {[%emt 0:01:01]} Ra6 {[%emt 0:03:57]} 44. Rg7+ {[%emt 0:00:19]} Kh6 {[%emt 0:00:10]} 45. g5+ {[%emt 0:00:08]} Kh5 {[%emt 0:00:16]} 46. Rh7+ {[%emt 0:00:04]} Kxg5 {[%emt 0:00:19]} 47. h4+ {[%emt 0:00:30]} Kg4 {[%emt 0:00:30]} 48. Bg3 {[%emt 0:04:02]} Bc5+ {[%emt 0:03:20]} 49. Ke2 {[%emt 0:00:52]} Rxa4 {[%emt 0:01:11]} 50. Rg7+ {[%emt 0:00:55]} Kh3 {[%emt 0:03:11]} 51. h5 {[%emt 0:00:18]} Ra6 {[%emt 0:01:42]} 52. Bf4 {[%emt 0:00:30]} Bf8 {[%emt 0:02:57]} 53. Rg8 {[%emt 0:01:13]} Ra2+ {[%emt 0:02:40]} 54. Kf3 {[%emt 0:00:21]} Ra3+ {[%emt 0:00:54]} 55. Ke4 {[%emt 0:00:32]} Ra4+ {[%emt 0:03:07]} 56. Kf5 {[%emt 0:01:20]} Ra5+ {[%emt 0:00:29]} 57. Kg6 {[%emt 0:00:49]} Ra6+ {[%emt 0:01:25]} 58. Kh7 {[%emt 0:00:56]} Ra7+ {[%emt 0:00:46]} 59. Kh8 {[%emt 0:00:14]} Bc5 {[%emt 0:02:02]} 60. Be5 {[%emt 0:00:34]} Be3 {[%emt 0:02:26]} 61. Rg3+ {[%emt 0:00:30]} Kh4 {[%emt 0:01:04]} 62. Rxe3 {[%emt 0:00:09]} Kxh5 {[%emt 0:00:47]} 63. Rh3+ {[%emt 0:01:39]} Kg4 {[%emt 0:01:21]} 64. Rg3+ {[%emt 0:00:12]} Kf5 {[%emt 0:00:20]} 65. Bc3 {[%emt 0:01:17]} Ra8+ {[%emt 0:00:37]} 66. Kh7 {[%emt 0:00:07]} Ra7+ {[%emt 0:00:35]} 67. Kh6 {[%emt 0:00:23]} Ra6+ {[%emt 0:00:38]} 68. Kh5 Ra7 {[%emt 0:00:28]} 69. Rg5+ {[%emt 0:01:06]} Ke4 {[%emt 0:00:51]} 70. h4 {[%emt 0:00:45]} Rh7+ 71. Kg4 {[%emt 0:00:10]} Rc7 {[%emt 0:01:39]} 72. Bg7 {[%emt 0:01:04]} Kd3 {[%emt 0:00:43]} 73. Kf5 {[%emt 0:00:16]} Rc5+ {[%emt 0:00:51]} 74. Kg6 {[%emt 0:00:06]} Rc6+ {[%emt 0:00:49]} 75. Bf6 {[%emt 0:00:19]} Rc1 {[%emt 0:00:18]} 76. h5 {[%emt 0:00:06]} 1-0

[Event "URU-ch Semi Final 2020"]
[Site "Montevideo"]
[Date "2020.02.24"]
[Round "6.20"]
[White "Blanco, Rudemar Ernesto"]
[Black "Nakle, Gonzalo"]
[Result "0-1"]
[WhiteElo "1470"]
[BlackElo "1675"]
[Annotator "NA RC"]
[PlyCount "54"]
[EventDate "2020.02.22"]
[EventType "swiss"]
[EventCountry "URU"]
[SourceTitle "playchess.com"]
[Source "ChessBase"]
[SourceQuality "1"]
[TimeControl "5400+30"]

1. d4 {[%emt 0:00:00]} g6 {[%emt 0:01:12]} 2. Bf4 {[%emt 0:02:39]} Bg7 {[%emt 0:00:11]} 3. Nf3 {[%emt 0:00:29]} Nf6 {[%emt 0:00:08]} 4. Nbd2 {[%emt 0:01:14]} d5 {[%emt 0:00:13]} 5. h3 {[%emt 0:00:31]} c6 {[%emt 0:00:13]} 6. c3 {[%emt 0:00:57]} O-O {[%emt 0:00:40]} 7. e3 {[%emt 0:00:34]} Nbd7 {[%emt 0:00:09]} 8. Be2 {[%emt 0:00:18]} Ne8 {[%emt 0:00:06]} 9. e4 {[%emt 0:03:43]} dxe4 {[%emt 0:00:14]} 10. Nxe4 {[%emt 0:00:14]} Ndf6 {[%emt 0:01:02]} 11. Nxf6+ {[%emt 0:00:58]} Nxf6 {[%emt 0:00:07]} 12. O-O {[%emt 0:02:46]} Be6 {[%emt 0:00:23]} 13. Ng5 {[%emt 0:05:33]} Bd5 {[%emt 0:03:51]} 14. Bh2 {[%emt 0:01:40]} h6 {[%emt 0:00:17]} 15. Nf3 {[%emt 0:00:11]} Qb6 {[%emt 0:00:16]} 16. b3 {[%emt 0:04:44]} Rad8 {[%emt 0:00:09]} 17. Qc2 {[%emt 0:02:11]} c5 {[%emt 0:00:43]} 18. Rad1 {[%emt 0:04:02]} Be4 {[%emt 0:01:02]} 19. Bd3 {[%emt 0:02:05]} Bxf3 {[%emt 0:00:05]} 20. gxf3 {[%emt 0:00:06]} cxd4 {[%emt 0:00:04]} 21. c4 {[%emt 0:03:01]} Qe6 {[%emt 0:00:13]} 22. Kh1 {[%emt 0:00:53]} Qxh3 {[%emt 0:00:06]} 23. Rg1 {[%emt 0:00:30]} Qxf3+ {[%emt 0:00:10]} 24. Rg2 {[%emt 0:00:04]} Ng4 {[%emt 0:00:23]} 25. Bxg6 {[%emt 0:00:23]} fxg6 {[%emt 0:00:05]} 26. Qxg6 {[%emt 0:00:12]} Nxf2+ {[%emt 0:00:16]} 27. Kg1 {[%emt 0:00:18]} Qxd1# {[%emt 0:00:06]} 0-1

[Event "URU-ch Semi Final 2020"]
[Site "Montevideo"]
[Date "2020.02.24"]
[Round "6.21"]
[White "Cayetano, Juan"]
[Black "Rey, Fernando"]
[Result "1/2-1/2"]
[WhiteElo "1543"]
[BlackElo "1640"]
[Annotator "NA RC"]
[PlyCount "36"]
[EventDate "2020.02.22"]
[EventType "swiss"]
[EventCountry "URU"]
[SourceTitle "playchess.com"]
[Source "ChessBase"]
[SourceQuality "1"]
[TimeControl "5400+30"]

1. e4 {[%emt 0:00:00]} e6 {[%emt 0:00:00]} 2. d4 {[%emt 0:00:00]} d5 {[%emt 0:00:00]} 3. exd5 {[%emt 0:00:00]} exd5 {[%emt 0:00:00]} 4. Bd3 {[%emt 0:00:00]} Bd6 {[%emt 0:00:00]} 5. Nf3 {[%emt 0:00:10]} Nc6 {[%emt 0:00:06]} 6. c3 {[%emt 0:00:13]} Nge7 {[%emt 0:00:06]} 7. Qc2 {[%emt 0:00:21]} Bg4 {[%emt 0:00:07]} 8. Nbd2 {[%emt 0:00:45]} Qd7 {[%emt 0:00:53]} 9. O-O {[%emt 0:00:47]} Bf5 {[%emt 0:19:46]} 10. a4 {[%emt 0:01:54]} O-O {[%emt 0:00:43]} 11. b3 {[%emt 0:00:28]} Bxd3 {[%emt 0:02:53]} 12. Qxd3 {[%emt 0:00:10]} a6 {[%emt 0:01:32]} 13. Ba3 {[%emt 0:00:28]} Bxa3 {[%emt 0:00:53]} 14. Rxa3 {[%emt 0:00:08]} f6 {[%emt 0:03:33]} 15. Raa1 {[%emt 0:00:25]} Qf5 {[%emt 0:01:16]} 16. Qxf5 {[%emt 0:00:44]} Nxf5 {[%emt 0:00:17]} 17. Rfe1 {[%emt 0:00:11]} Rae8 {[%emt 0:00:12]} 18. b4 {[%emt 0:00:22]} Nb8 {[%emt 0:00:53]} 1/2-1/2

[Event "URU-ch Semi Final 2020"]
[Site "Montevideo"]
[Date "2020.02.24"]
[Round "6.22"]
[White "Osinaga, Eduardo"]
[Black "Lanaro, Emilio"]
[Result "1-0"]
[WhiteElo "1697"]
[BlackElo "1670"]
[Annotator "NA RC"]
[PlyCount "61"]
[EventDate "2020.02.22"]
[EventType "swiss"]
[EventCountry "URU"]
[SourceTitle "playchess.com"]
[Source "ChessBase"]
[SourceQuality "1"]
[TimeControl "5400+30"]

1. e4 {[%emt 0:00:14]} c5 {[%emt 0:00:00]} 2. Nf3 {[%emt 0:00:18]} d6 {[%emt 0:00:00]} 3. d4 {[%emt 0:00:08]} cxd4 {[%emt 0:00:00]} 4. Nxd4 {[%emt 0:00:07]} Nf6 {[%emt 0:00:04]} 5. Nc3 {[%emt 0:00:31]} a6 {[%emt 0:00:13]} 6. Bd3 {[%emt 0:00:49]} e5 {[%emt 0:00:10]} 7. Nde2 {[%emt 0:01:07]} Be7 {[%emt 0:00:15]} 8. O-O {[%emt 0:00:09]} O-O {[%emt 0:00:16]} 9. h3 {[%emt 0:00:28]} b5 {[%emt 0:05:31]} 10. a3 {[%emt 0:02:14]} Bb7 {[%emt 0:00:09]} 11. f4 {[%emt 0:00:33]} Nbd7 12. Nd5 {[%emt 0:05:43]} Bxd5 {[%emt 0:07:11]} 13. exd5 {[%emt 0:00:16]} e4 {[%emt 0:00:20]} 14. Ng3 {[%emt 0:02:23]} exd3 {[%emt 0:00:42]} 15. Qxd3 {[%emt 0:00:17]} Re8 {[%emt 0:03:58]} 16. Nf5 {[%emt 0:00:55]} Nb6 {[%emt 0:03:56]} 17. Qg3 {[%emt 0:00:51]} Bf8 {[%emt 0:00:16]} 18. Nh6+ {[%emt 0:00:49]} Kh8 {[%emt 0:00:33]} 19. Nxf7+ {[%emt 0:00:11]} Kg8 {[%emt 0:00:05]} 20. Nxd8 {[%emt 0:00:16]} Raxd8 {[%emt 0:00:02]} 21. Bd2 {[%emt 0:01:52]} Nfxd5 {[%emt 0:00:48]} 22. Ba5 {[%emt 0:01:04]} Re3 {[%emt 0:02:12]} 23. Rf3 Rde8 {[%emt 0:01:23]} 24. Bxb6 {[%emt 0:03:43]} Rxf3 {[%emt 0:00:34]} 25. Qxf3 {[%emt 0:00:23]} Nxb6 {[%emt 0:00:04]} 26. Qc6 {[%emt 0:01:22]} Rc8 {[%emt 0:02:03]} 27. Qxb6 {[%emt 0:00:21]} d5 {[%emt 0:00:10]} 28. Qxa6 {[%emt 0:00:17]} Rxc2 {[%emt 0:00:39]} 29. Qxb5 Rc8 {[%emt 0:00:42]} 30. Qxd5+ {[%emt 0:00:25]} Kh8 {[%emt 0:00:08]} 31. Re1 {[%emt 0:00:37]} 1-0

[Event "URU-ch Semi Final 2020"]
[Site "Montevideo"]
[Date "2020.02.24"]
[Round "6.23"]
[White "Svarcas, Anibal"]
[Black "Lima Abadal, Nicolas"]
[Result "1-0"]
[WhiteElo "1672"]
[BlackElo "1646"]
[Annotator "NA RC"]
[PlyCount "47"]
[EventDate "2020.02.22"]
[EventType "swiss"]
[EventCountry "URU"]
[SourceTitle "playchess.com"]
[Source "ChessBase"]
[SourceQuality "1"]
[TimeControl "5400+30"]

1. e4 {[%emt 0:00:00]} c5 {[%emt 0:00:00]} 2. Nf3 {[%emt 0:00:00]} d6 {[%emt 0:00:00]} 3. d4 {[%emt 0:00:00]} cxd4 {[%emt 0:00:00]} 4. c3 {[%emt 0:00:00]} dxc3 {[%emt 0:01:25]} 5. Nxc3 {[%emt 0:00:04]} Nc6 {[%emt 0:02:08]} 6. Bc4 {[%emt 0:00:10]} e6 {[%emt 0:00:43]} 7. O-O {[%emt 0:00:20]} Be7 {[%emt 0:00:59]} 8. Qe2 {[%emt 0:00:18]} a6 {[%emt 0:01:49]} 9. Rd1 {[%emt 0:00:12]} Qc7 {[%emt 0:00:12]} 10. Bf4 {[%emt 0:00:27]} b5 {[%emt 0:08:16]} 11. Bb3 {[%emt 0:00:09]} Nf6 {[%emt 0:06:48]} 12. Rac1 {[%emt 0:00:12]} Bb7 {[%emt 0:05:26]} 13. e5 {[%emt 0:02:18]} dxe5 {[%emt 0:00:30]} 14. Nxe5 {[%emt 0:00:25]} Qb6 {[%emt 0:09:13]} 15. Nxf7 {[%emt 0:04:55]} Nd4 {[%emt 0:16:05]} 16. Rxd4 {[%emt 0:06:43]} Kxf7 {[%emt 0:07:04]} 17. Rd6 {[%emt 0:05:28]} Qxd6 {[%emt 0:26:16]} 18. Bxd6 {[%emt 0:00:14]} Bxd6 {[%emt 0:00:18]} 19. Qxe6+ {[%emt 0:00:08]} Kg6 {[%emt 0:00:08]} 20. Bc2+ {[%emt 0:00:10]} Kh6 {[%emt 0:01:41]} 21. Qxd6 {[%emt 0:02:10]} Rhf8 {[%emt 0:01:05]} 22. Qf4+ {[%emt 0:00:41]} Kh5 {[%emt 0:01:04]} 23. h4 {[%emt 0:02:56]} h6 {[%emt 0:00:42]} 24. Qf5+ {[%emt 0:01:16]} 1-0

[Event "URU-ch Semi Final 2020"]
[Site "Montevideo"]
[Date "2020.02.25"]
[Round "7.2"]
[White "Curi, Gabriel"]
[Black "Carbone, Diego"]
[Result "1/2-1/2"]
[WhiteElo "2132"]
[BlackElo "2239"]
[Annotator "TA"]
[PlyCount "39"]
[EventDate "2020.02.22"]
[EventType "swiss"]
[EventCountry "URU"]
[SourceTitle "playchess.com"]
[Source "ChessBase"]
[SourceQuality "1"]

{[%evp 16,39,8,12,12,24,17,20,20,12,32,18,23,16,41,31,49,30,26,29,20,14,22,9,8,8]} 1. d4 Nf6 2. c4 g6 3. Nc3 d5 4. cxd5 Nxd5 5. Bd2 Bg7 6. e4 Nb6 7. Be3 O-O 8. Be2 Nc6 9. Nf3 Bg4 {D85: Exchange Grünfeld: Unusual White 7th moves and lines with 7 Nf3.} 10. e5 Nb4 11. O-O N4d5 12. h3 Bf5 13. Qd2 Rc8 14. Rac1 {[%cal Ba1c1,Bc1c3,Bc3c5][%mdl 32] [#]} f6 $146 ({Predecessor:} 14... Qd7 15. Rfd1 Rfd8 16. Ng5 Nxc3 17. bxc3 Qa4 18. g4 Bd7 19. c4 Bc6 20. e6 f6 21. Nf7 Rf8 22. d5 Be8 23. Nh6+ Kh8 24. Bc5 {1-0 (24) Terrieux,K (2442)-Novotny,M (2300) Pardubice 2009}) 15. Rfe1 c6 16. b3 Nxc3 17. Rxc3 Nd5 18. Rc5 {The position is equal.} Be6 19. Bh6 Qd7 20. Bxg7 {Accuracy: White = 100%, Black = 91%.} 1/2-1/2